Statistics for North South Line MRT Stations in Singapore

Click here to take the quiz!

General Stats

  • This quiz has been taken 588 times
  • The average score is 21 of 25

Answer Stats

HintAnswer% Correct
NS1Jurong East
96%
NS22Orchard
93%
NS27Marina Bay
92%
NS25City Hall
91%
NS9Woodlands
91%
NS16Ang Mo Kio
90%
NS17Bishan
90%
NS24Dhoby Ghaut
89%
NS26Raffles Place
89%
NS23Somerset
89%
NS13Yishun
89%
NS4Choa Chu Kang
87%
NS21Newton
87%
NS2Bukit Batok
86%
NS19Toa Payoh
86%
NS15Yio Chu Kang
86%
NS3Bukit Gombak
83%
NS20Novena
82%
NS11Sembawang
81%
NS10Admiralty
80%
NS5Yew Tee
80%
NS7Kranji
79%
NS8Marsiling
78%
NS14Khatib
77%
NS18Bradell
76%

Score Distribution

Percentile by Number Answered

Percent of People with Each Score

Your Score History

You have not taken this quiz